| 000 | 00000nas 2200000za 4500 |
| 001 | 9.815613 |
| 003 | CaOODSP |
| 005 | 20221107142044 |
| 007 | cr ||||||||||| |
| 008 | 160418d19871993oncar p oss f000#a0eng|d |
| 040 | |aCaOODSP|beng |
| 043 | |an-cn--- |
| 086 | 1 |aCS85-0016E-PDF|zCS85F0016E-PDF |
| 245 | 00|aSelected police administration characteristics of municipal police departments |h[electronic resource]. |
| 260 | |a[Ottawa] : |bStatistics Canada, Canadian Centre for Justice Statistics, |c[1988?]-1993. |
| 310 | |aAnnual |
| 362 | 0 |a1987-1992. |
| 500 | |aIssued also in French under title: Certaines characteristiques de l'administration policière dans les corps policiers municipaux. |
| 500 | |aCover title. |
| 500 | |aDigitized edition from print [produced by Statistics Canada]. |
| 515 | |aIssue for 1990 not published? |
| 692 | 07|2gccst|aPolice services |
| 692 | 07|2gccst|aMunicipalities |
| 710 | 1 |aCanada.|bStatistics Canada. |bCanadian Centre for Justice Statistics. |
| 775 | 08|tCertaines caractéristiques de l'administration policière dans les corps policiers municipaux|w(CaOODSP)9.841665 |
| 785 | 00|tSelected police administration characteristics of municipal police departments |w(CaOODSP)9.815627 |